000 00699nam a2200229 a 4500
001 BRCA_4731
005 20190320204800.0
008 071010s1925----u--a######---#000-0#eng-#
041 _aeng
044 _au
050 4 _aNK2995
_b.H85 1925
100 1 _aHunter, George Leland
_911990
245 1 0 _aThe Practical Book of Tapestries
_cby George Leland Hunter.
260 _aFiladelfia
_bJ. B. Lippincott
_c1925
300 _axviii, 302 p.
_bil. (algunas a color)
_c23 cm.
500 _aIncluye índice de ilustraciones, una lista descriptiva de libros e índice analítico
500 _aD72
650 1 4 _aTapices
_xHistoria
_95686
650 1 4 _aGobelinos
_99246
902 _aGFM
942 _2lcc
_cB
999 _c4429
_d4429